Geography Quiz

Random Geography or City Quiz

10 Closest US Capitals to Mexico City Quiz Stats

Quiz Updated May 5, 2016

Challenge
Share
Tweet
Embed
Score 0/10 Timer 03:00
21 Plays Today
US Capital % Correct
Austin, TX
97.9%
Phoenix, AZ
94.1%
Baton Rouge, LA
89.6%
Oklahoma City, OK
87.8%
Santa Fe, NM
85%
Jackson, MS
83.4%
Little Rock, AR
81.9%
Tallahassee, FL
79%
Atlanta, GA
77%
Montgomery, AL
73.8%

You're not logged in!

Compare scores with friends on all Sporcle quizzes.
Sign Up with Email
OR
Log In

You Might Also Like...

Show Comments

Extras

Top Quizzes Today


Score Distribution

Your Account Isn't Verified!

In order to create a playlist on Sporcle, you need to verify the email address you used during registration. Go to your Sporcle Settings to finish the process.